Sports Quiz

Random Sports or WWE Quiz

WWE Double Champions Quiz Stats

 Plays Quiz Updated Sep 17, 2019

Score 0/33 Timer 07:00
12 Plays Today
Titles Held Wrestler % Correct
Universal and Raw Tag TeamSeth Rollins
87.7%
Intercontinental and Raw Tag TeamSeth Rollins
87.7%
Raw Women's and Smackdown Women'sBecky Lynch
85.6%
WWF Intercontinental and WWF Tag TeamTriple H, Test
83.2%
WWE Champion and World Tag TeamJohn Cena
82.9%
WWE Champion and WWE USSeth Rollins
79.6%
WWF Champion and WWF EuropeanShawn Michaels
76.4%
WCW Champion and WWF Tag Team, World Champion and WWF ChampionChris Jericho
73.5%
WWF Champion and WWF Tag TeamStone Cold Steve Austin
72.9%
WWF and WCW Tag TeamKane
72.1%
World Tag Team and IntercontinentalKane
71.5%
WWF and WCW Tag TeamUndertaker
70.9%
WWE Divas and NXT Women'sPaige
65.4%
ECW and WWE ChampionRob Van Dam
62%
WWE Unified Tag Team and WWE USThe Miz
61.8%
WWE Champion and WWE Tag TeamThe Miz
61.6%
WWF Champion and WWF IntercontinentalUltimate Warrior
59.5%
Titles Held Wrestler % Correct
WWF Intercontinental and WWF EuropeanKurt Angle
58.3%
WWF Intercontinental and WWE Tag TeamOwen Hart
57.6%
WWE Tag Team and World HeavyweightDave Batista
55.2%
World Heavyweight and World Tag TeamChris Benoit
53.1%
WCW Champion and WCW USBooker T
52.6%
WWE US and WWE Tag TeamEddie Guerrero
46.3%
WWF Intercontinental and WWF Tag TeamDiesel
45.8%
WWF Tag Team and WWF EuropeanBritish Bulldog
40.1%
WWF Hardcore and WWF Tag TeamBig Boss Man
40%
WWF Light Heavyweight and WCW CruiserweightX-Pac
39%
WWF Champion and WWF Tag TeamBob Backlund
34.6%
WWF Intercontinental and WWF EuropeanD'Lo Brown
33%
WWE Tag Team and WWE USMontel Vontavious Porter
31.9%
WWF Intercontinental and WWF EuropeanJeff Jarrett
30%
WWF Intercontinental and WWF Tag TeamKen Shamrock
25%
WCW US and WWF Tag TeamKanyon
19.1%

You're not logged in!

Compare scores with friends on all Sporcle quizzes.
OR
Log In

Sporcle TV

Today on Sporcle TV


Watch our educational content, quiz creation guides, and fun videos on Sporcle TV.

Show Comments

Extras

Top Quizzes Today


Score Distribution

Your Account Isn't Verified!

In order to create a playlist on Sporcle, you need to verify the email address you used during registration. Go to your Sporcle Settings to finish the process.

Report this User

Report this user for behavior that violates our Community Guidelines.

Details: